| 000 | 00398nab a2200145Ia 4500 | ||
|---|---|---|---|
| 003 | ES-SlBCS | ||
| 005 | 20210601124437.0 | ||
| 008 | 140529s1986 xxu||||| |||| 00| 0 eng d | ||
| 041 | _aeng | ||
| 100 | 1 |
_aHanson, Karen _9142318 |
|
| 245 | 0 | 4 |
_aThe Demands of Loyalty _c Karen Hanson |
| 650 | 0 | 4 |
_aLealtad _9142319 |
| 773 | 0 |
_tIdealistic Studies _gvol. 16, 1986, págs. 195-204 _wRev1402 |
|
| 942 | _cAR | ||
| 999 |
_c514894 _d514894 |
||